Sex Pistols - Never Mind the Bollocks Songs - Statistics

General Stats
  • This quiz has been taken 10 times
  • The average score is 9 of 12
Answer Stats
Length Songs % Correct
3:32 Anarchy in the U.K.
100%
3:20 God Save the Queen
100%
3:03 Bodies
88%
3:22 Holidays in the Sun
88%
4:12 Submission
88%
2:53 No Feelings
75%
4:11 Problems
75%
2:02 Seventeen
75%
3:10 E.M.I.
63%
2:41 Liar
63%
3:07 New York
63%
3:18 Pretty Vacant
63%
No matching quizzes found
Score Distribution
Percent of People with Each Score
Percentile by Number Answered
Your Score History
You have not taken this quiz